Großstädte der Ukraine - Statistiken

Allgemein
  • Dieses Quiz wurde 77 mal gespielt
  • Das Durchschnittsergebnis liegt bei 13 aus 43
Antwortstatistiken
Einwohnerzahl Stadt % Korrekt
2.952.301 Kiew
100%
1.010.537 Odessa
92%
1.421.125 Charkiw
90%
717.273 Lwiw
85%
901.645 Donezk
83%
968.502 Dnipro
67%
425.681 Mariupol
67%
397.677 Luhansk
63%
279.131 Cherson
47%
485.386 Sewastopol
45%
710.052 Saporischschja
42%
256.474 Sumy
40%
279.593 Poltawa
38%
340.540 Simferopol
37%
470.011 Mykolajiw
28%
147.145 Kramatorsk
25%
225.004 Ternopil
25%
238.196 Iwano-Frankiwsk
23%
603.904 Krywyj Rih
23%
215.986 Luzk
23%
148.851 Melitopol
23%
243.873 Riwne
23%
282.747 Tschernihiw
22%
154.621 Kertsch
20%
269.836 Tscherkassy
20%
261.624 Schytomyr
18%
369.739 Winnyzja
18%
264.298 Czernowitz
17%
215.271 Krementschuk
17%
105.141 Slowjansk
15%
115.449 Uschhorod
15%
106.311 Berdjansk
13%
338.968 Makijiwka
13%
274.452 Chmelnyzkyj
12%
239.828 Horliwka
12%
207.273 Bila Zerkwa
8%
106.062 Altschewsk
7%
226.845 Kamjanske
7%
219.676 Kropywnyzkyj
7%
101.430 Pawlohrad
7%
105.160 Nikopol
5%
109.806 Browary
3%
107.877 Jewpatorija
2%
Keine übereinstimmenden Quizze gefunden
Verteilung der Resultate
Anzahl Personen mit jedem Resultat
Perzentil nach korrekt beantworteten Fragen
Ihre Resultats-Entwicklung
Sie haben dieses Quiz noch nicht gespielt